000 00572nam a22002177a 4500
003 UA-OsUOA
001 122196
007 ta
008 20170421b un ||||| |||| 00| 0 ukr d
100 _aАнтипенко І.
090 _a94(477)
_bА72
942 _cSA
040 _aUA-OsUOA
_bukr
_cUA-OsUOA
_dUA-OsUOA
245 _aАушвіц і українська політика пам'яті
300 _aС.9
955 _a0
041 _aukr
080 _a94(477)
773 0 _w122193
650 7 _a9 Географія. Біографії. Історія
_2UDC
999 _c408417
_d408417